Normal view
MARC view
Entry Topical Term
001 - CONTROL NUMBER
- control field: 19510
003 - CONTROL NUMBER IDENTIFIER
- control field: OSt
005 - DATE AND TIME OF LATEST TRANSACTION
- control field: 20251107151632.0
008 - FIXED-LENGTH DATA ELEMENTS
- fixed length control field: 251107|| aca||aabn | a|a d
040 ## - CATALOGING SOURCE
- Original cataloging agency: OSt
- Transcribing agency: OSt
150 ## - HEADING--TOPICAL TERM
- Topical term or geographic name entry element: Depression
670 ## - SOURCE DATA FOUND
- Source citation: Work cat.: (OSt)9588: Williams, Mark; [et...al] 19509, The Mindful Way Through Depression: freeing yourself from chronic unhappiness, 2025
